<?xml version="1.0" encoding="UTF-8"?>
<record
    xmlns:xsi="http://www.w3.org/2001/XMLSchema-instance"
    xsi:schemaLocation="http://www.loc.gov/MARC21/slim http://www.loc.gov/standards/marcxml/schema/MARC21slim.xsd"
    xmlns="http://www.loc.gov/MARC21/slim">

  <leader>01372cam a2200265 a 4500</leader>
  <controlfield tag="001">78411</controlfield>
  <controlfield tag="003">BD-RjUL</controlfield>
  <controlfield tag="005">20211209083127.0</controlfield>
  <controlfield tag="008">011212s1933    su       b    00010 ara d</controlfield>
  <datafield tag="020" ind1=" " ind2=" ">
    <subfield code="a">9960660710</subfield>
  </datafield>
  <datafield tag="035" ind1=" " ind2=" ">
    <subfield code="a">(BD-RjUL)78637</subfield>
  </datafield>
  <datafield tag="040" ind1=" " ind2=" ">
    <subfield code="a">DLC-R</subfield>
    <subfield code="c">DLC-R</subfield>
    <subfield code="d">MiU</subfield>
    <subfield code="b">eng</subfield>
  </datafield>
  <datafield tag="041" ind1=" " ind2=" ">
    <subfield code="a">ara</subfield>
  </datafield>
  <datafield tag="043" ind1=" " ind2=" ">
    <subfield code="a">a-su---</subfield>
  </datafield>
  <datafield tag="066" ind1=" " ind2=" ">
    <subfield code="c">(3</subfield>
  </datafield>
  <datafield tag="082" ind1=" " ind2=" ">
    <subfield code="2">23</subfield>
    <subfield code="a">297.35209</subfield>
    <subfield code="b">BAT 1933</subfield>
  </datafield>
  <datafield tag="100" ind1="1" ind2=" ">
    <subfield code="a">&#x628;&#x627;&#x633;&#x644;&#x627;&#x645;&#x629;&#x60C; &#x62D;&#x633;&#x64A;&#x646; &#x639;&#x628;&#x62F; &#x627;&#x644;&#x644;&#x647;;; B&#x101;sal&#x101;mah, &#x1E24;usayn &#x2BF;Abd All&#x101;h,</subfield>
    <subfield code="d">1881-1944.</subfield>
    <subfield code="9">248149</subfield>
  </datafield>
  <datafield tag="245" ind1="1" ind2="0">
    <subfield code="a">&#x62A;&#x627;&#x631;&#x64A;&#x62E; &#x627;&#x644;&#x643;&#x639;&#x628;&#x629; &#x627;&#x644;&#x645;&#x639;&#x638;&#x645;&#x629; : ;; T&#x101;r&#x12B;kh al-Ka&#x2BF;bah al-mu&#x2BF;a&#x1E93;&#x1E93;amah :</subfield>
    <subfield code="b">&#x639;&#x645;&#x627;&#x631;&#x62A;&#x647;&#x627; &#x648;&#x643;&#x633;&#x648;&#x62A;&#x647;&#x627; &#x648;&#x633;&#x62F;&#x627;&#x646;&#x62A;&#x647;&#x627; ;; im&#x101;ratuh&#x101; wa-kiswatuh&#x101; wa-sad&#x101;natuh&#x101; /</subfield>
    <subfield code="c">&#x62D;&#x633;&#x64A;&#x646; &#x639;&#x628;&#x62F; &#x627;&#x644;&#x644;&#x647; &#x628;&#x627;&#x633;&#x644;&#x627;&#x645;&#x629;.;; &#x1E24;usayn &#x2BF;Abd All&#x101;h B&#x101;sal&#x101;mah.</subfield>
  </datafield>
  <datafield tag="260" ind1=" " ind2=" ">
    <subfield code="a">&#x62C;&#x62F;&#x629;&#x60C; &#x627;&#x644;&#x633;&#x639;&#x648;&#x62F;&#x64A;&#x629; : </subfield>
    <subfield code="b">&#x627;&#x644;&#x645;&#x645;&#x644;&#x643;&#x629; &#x627;&#x644;&#x639;&#x631;&#x628;&#x64A;&#x629; &#x627;&#x644;&#x633;&#x639;&#x648;&#x62F;&#x64A;&#x629;&#x60C; &#x627;&#x644;&#x623;&#x645;&#x627;&#x646;&#x629; &#x627;&#x644;&#x639;&#x627;&#x645;&#x629; &#x644;&#x644;&#x627;&#x62D;&#x62A;&#x641;&#x627;&#x644; &#x628;&#x645;&#x631;&#x648;&#x631; &#x645;&#x627;&#x626;&#x629; &#x639;&#x627;&#x645; &#x639;&#x644;&#x649; &#x62A;&#x623;&#x633;&#x64A;&#x633; &#x627;&#x644;&#x645;&#x645;&#x644;&#x643;&#x629;&#x60C; ;; al-Mamlakah al-&#x2BF;Arab&#x12B;yah al-Sa&#x2BF;&#x16B;d&#x12B;yah, al-Am&#x101;nah al-&#x2BF;&#x100;mmah lil-I&#x1E25;tif&#x101;l bi-Mur&#x16B;r Mi&#x2BC;at &#x2BF;&#x100;m &#x2BF;al&#xE1; Ta&#x2BC;s&#x12B;s al-Mamlakah,</subfield>
    <subfield code="c">1933[1354]</subfield>
  </datafield>
  <datafield tag="300" ind1=" " ind2=" ">
    <subfield code="a">401 p. :</subfield>
    <subfield code="b">illus. ;</subfield>
    <subfield code="c">25 cm.</subfield>
  </datafield>
  <datafield tag="520" ind1=" " ind2=" ">
    <subfield code="a">Ka&#x2BF;bah; Islamic shrines; Mecca (Saudi Arabia); history.</subfield>
  </datafield>
  <datafield tag="610" ind1="2" ind2="0">
    <subfield code="a">Masjid al-&#x1E24;ar&#x101;m.</subfield>
    <subfield code="9">248153</subfield>
  </datafield>
  <datafield tag="650" ind1=" " ind2="0">
    <subfield code="a">Islamic shrines</subfield>
    <subfield code="z">Saudi Arabia</subfield>
    <subfield code="z">Mecca</subfield>
    <subfield code="x">History.</subfield>
    <subfield code="9">248151</subfield>
  </datafield>
  <datafield tag="942" ind1=" " ind2=" ">
    <subfield code="2">ddc</subfield>
    <subfield code="c">BK</subfield>
  </datafield>
  <datafield tag="999" ind1=" " ind2=" ">
    <subfield code="c">78411</subfield>
    <subfield code="d">78411</subfield>
  </datafield>
  <datafield tag="952" ind1=" " ind2=" ">
    <subfield code="0">0</subfield>
    <subfield code="1">0</subfield>
    <subfield code="2">ddc</subfield>
    <subfield code="4">0</subfield>
    <subfield code="7">1</subfield>
    <subfield code="8">NFIC</subfield>
    <subfield code="a">RUCL</subfield>
    <subfield code="b">RUCL</subfield>
    <subfield code="c">Reading</subfield>
    <subfield code="d">1973-10-18</subfield>
    <subfield code="e">Quran Manjil, Dhaka</subfield>
    <subfield code="g">6.00</subfield>
    <subfield code="l">0</subfield>
    <subfield code="o">A 297.35209 BAT 1933</subfield>
    <subfield code="r">2021-09-19 00:00:00</subfield>
    <subfield code="t">C-1</subfield>
    <subfield code="w">2021-09-19</subfield>
    <subfield code="y">BK</subfield>
  </datafield>
</record>
